000 00814nmm a2200301 a 4500
003 AR-BaBNM
005 20251128204006.0
008 127119s[199 ||||||||||||||000 | spa||
040 _cAR-BaBNM
110 1 _aArgentina
240 1 0 _aLeyes, etc.
245 1 0 _aLey 2013
_bley nacional de empleo : decreto 2565/91 y Ley 24028 : accidentes de trabajo
260 _aBuenos Aires
_bEdiciones LibroDar
_c[1992]
300 0 _a38 p.
500 0 _aIndice p. 37-38
650 4 _aDERECHO LABORAL
650 4 _aTRABAJO
650 4 _aEMPLEO
650 4 _aDESEMPLEO
650 4 _aSALARIOS
650 4 _aLEGISLACION ARGENTINA
650 4 _aACCIDENTES DE TRABAJO
650 4 _aSEGURIDAD EN EL TRABAJO
650 4 _aSEGURO DE ACCIDENTES
650 4 _aLEGISLACION DEL TRABAJO
942 _cBK
998 _cAndrea
999 _c5754
_d5754